Historia de l'escoltisme catalá / (Record no. 143717)

MARC details
000 -LEADER
campo de control de longitud fija 00916cam a22002771 4500
001 - NÚMERO DE CONTROL
campo de control 143717
003 - IDENTIFICADOR DE NÚMERO DE CONTROL
campo de control SpMaBN
005 - FECHA Y HORA DE LA ÚLTIMA TRANSACCIÓN
campo de control 20240129115321.0
008 - DATOS DE LONGITUD FIJA--INFORMACIÓN GENERAL
campo de control de longitud fija 981210s1968 sp cat
016 7# - NÚMERO DE CONTROL DE UNA AGENCIA BIBLIOGRÁFICA NACIONAL
Número de control del registro bimoBNE20000175485
Número de control cancelado/no válido IND9800830266
Fuente SpMaBN
017 ## - NÚMERO DE COPYRIGHT O DE DEPÓSITO LEGAL
Número de copyright o de depósito legal B 37978-1968
Agencia que asigna Oficina Depósito Legal Barcelona
035 ## - NÚMERO DE CONTROL DEL SISTEMA
Número de control de sistema (OCoLC)432714934
040 ## - FUENTE DE CATALOGACIÓN
Centro catalogador/agencia de origen SpMaBN
Lengua de catalogación spa
Centro/agencia transcriptor CDM
Centro/agencia modificador ES-MaACL
080 ## - NÚMERO DE LA CLASIFICACIÓN DECIMAL UNIVERSAL
Número de la Clasificación Decimal Universal 369.431(460.23)
100 0# - ENTRADA PRINCIPAL--NOMBRE DE PERSONA
Nombre de persona Serra y García, Antonio
Número de control del registro de autoridad o número normalizado XX1437637
9 (RLIN) 105661
245 10 - MENCIÓN DEL TÍTULO
Título Historia de l'escoltisme catalá /
Mención de responsabilidad, etc. Antoni Serra i García
260 ## - PUBLICACIÓN, DISTRIBUCIÓN, ETC.
Lugar de publicación, distribución, etc. Barcelona :
Nombre del editor, distribuidor, etc. Bruguera,
Fecha de publicación, distribución, etc. [1968]
300 ## - DESCRIPCIÓN FÍSICA
Extensión 112 p. ;
Dimensiones 18 cm
490 0# - MENCIÓN DE SERIE
Mención de serie Quaderns de Cultura
Designación de volumen o secuencia 50
650 #7 - PUNTO DE ACCESO ADICIONAL DE MATERIA--TÉRMINO DE MATERIA
Término de materia o nombre geográfico como elemento de entrada Boy scouts
9 (RLIN) 151924
830 ## - PUNTO DE ACCESO ADICIONAL DE SERIE-TÍTULO UNIFORME
9 (RLIN) 181826
Título uniforme Quaderns de cultura ;
Designación de volumen o secuencia 50
852 ## - LOCALIZACIÓN
Ubicación ES-MaACL
Sublocalización o colección R.68300
itemnumber 148908
Ubicación en estantería Depósito 2
Número de control de estantería C-36835
942 ## - ELEMENTOS DE ENTRADA SECUNDARIOS (KOHA)
Fuente del sistema de clasificación o colocación Clasificación decimal universal
Tipo de ítem Koha Libro impreso
Holdings
Estatus retirado Estado de pérdida Fuente del sistema de clasificación o colocación Estado de daño No para préstamo Biblioteca de origen Biblioteca actual Ubicación en estantería Fecha de adquisición Total de préstamos Signatura topográfica completa Código de barras Visto por última vez Precio de reemplazo Tipo de ítem Koha
    Clasificación decimal universal     Biblioteca del Ateneo de Madrid Biblioteca del Ateneo de Madrid Depósito 2 17/01/2008   C-36835 1149526 23/02/2023 23/02/2023 Libro impreso